[Event "BPB Limburg open B"]
[Site "Maastricht"]
[Date "2014.06.07"]
[Round "3"]
[White "Wuijts, Johan"]
[Black "Luig, Benjamin"]
[Result "1-0"]
[WhiteElo "1756"]
[BlackElo "1844"]
[PlyCount "73"]
[EventDate "2014.06.06"]
[EventType "swiss"]
[EventRounds "7"]
[EventCountry "NED"]
[Source "P.Boonen"]
[SourceDate "2014.10.10"]

1. b3 Nf6 2. Nf3 d5 3. Bb2 c5 4. e3 Nc6 5. Bb5 Bd7 6. O-O a6 7. Bxc6 Bxc6 8.
Ne5 Rc8 9. d3 e6 10. Nd2 g6 11. Ndf3 Bg7 12. Nxc6 Rxc6 13. Ne5 Rc7 14. f4 d4
15. e4 Nd7 16. Nc4 Nb8 17. e5 Bf8 18. a4 b5 19. axb5 axb5 20. Nd2 Nd7 21. Ne4
Be7 22. Qf3 Nb6 23. Ra6 Nd5 24. Rfa1 O-O 25. g4 Nb4 26. Ra8 Qd5 27. Rxf8+ Kxf8
28. Qh3 Ke8 29. Qxh7 c4 30. Qg8+ Kd7 31. Ra8 Kc6 32. bxc4 bxc4 33. Ba3 cxd3 34.
cxd3 Nxd3 35. Qe8+ Kb6 36. Qa4 Qc4 37. Rb8+ 1-0

[Event "BPB Limburg open B"]
[Site "Maastricht"]
[Date "2014.06.07"]
[Round "3"]
[White "Zimmermann, Michael"]
[Black "Schloemer, Armin"]
[Result "0-1"]
[WhiteElo "1902"]
[BlackElo "1880"]
[PlyCount "126"]
[EventDate "2014.06.06"]
[EventType "swiss"]
[EventRounds "7"]
[EventCountry "NED"]
[Source "P.Boonen"]
[SourceDate "2014.10.10"]

1. e4 c5 2. c4 e6 3. Nc3 d6 4. g3 Nf6 5. Bg2 Be7 6. Nge2 Nbd7 7. d3 O-O 8. O-O
a6 9. h3 Rb8 10. g4 b5 11. Ng3 Ne8 12. Qe2 Nc7 13. f4 Bh4 14. Kh2 b4 15. Nd1 d5
16. cxd5 exd5 17. Nf5 dxe4 18. Bxe4 Bf6 19. g5 Bd4 20. Be3 Nb6 21. Bxd4 Bxf5
22. Bxc5 Re8 23. Qg2 Na4 24. Ba7 Bxe4 25. dxe4 Rb7 26. Be3 Qd3 27. e5 Nd5 28.
Bc1 Rc7 29. Nf2 Qe2 30. Ng4 Qxg2+ 31. Kxg2 Rc2+ 32. Rf2 Rec8 33. Rxc2 Rxc2+ 34.
Kg3 Kf8 35. Rb1 Ke7 36. Ne3 Nxe3 37. Bxe3 Ke6 38. Rd1 Rxb2 39. Rd6+ Kf5 40.
Rxa6 Rxa2 41. Ra7 Nc3 42. Rxf7+ Ke4 43. e6 Kxe3 44. e7 Ne4+ 45. Kg4 Nd6 46.
e8=Q+ Nxe8 47. Re7+ Kd4 48. Rxe8 Ra7 49. Rb8 Kc5 50. Kf5 g6+ 51. Kf6 Ra6+ 52.
Ke5 Rb6 53. Rc8+ Kb5 54. h4 b3 55. Rc1 b2 56. Rb1 Kc4 57. h5 Kc3 58. Rf1 b1=Q
59. Rxb1 Rxb1 60. hxg6 hxg6 61. f5 Rb5+ 62. Kf6 gxf5 63. g6 f4 0-1

[Event "BPB Limburg open B"]
[Site "Maastricht"]
[Date "2014.06.08"]
[Round "4"]
[White "Alvarez Carbajales, Fermin"]
[Black "Verheij, Albert"]
[Result "1-0"]
[WhiteElo "1952"]
[BlackElo "1850"]
[PlyCount "95"]
[EventDate "2014.06.06"]
[EventType "swiss"]
[EventRounds "7"]
[EventCountry "NED"]
[Source "P.Boonen"]
[SourceDate "2014.10.10"]

1. e4 d6 2. d4 Nf6 3. Nc3 g6 4. Nf3 Bg7 5. Be2 O-O 6. h3 Nc6 7. Be3 Re8 8. Qd2
e5 9. d5 Nd4 10. Nxd4 exd4 11. Bxd4 Nxe4 12. Nxe4 Rxe4 13. Bxg7 Kxg7 14. O-O-O
Qf6 15. Bf3 Ra4 16. Kb1 a5 17. Rhe1 Rb4 18. c3 Rb6 19. Qd4 Qxd4 20. Rxd4 Kf8
21. Rh4 Bf5+ 22. Kc1 g5 23. Rc4 Rc8 24. Bg4 Bxg4 25. Rxg4 c6 26. Rxg5 cxd5 27.
Rxd5 Rc5 28. Rd4 Re5 29. Rde4 Rxe4 30. Rxe4 d5 31. Rd4 Rf6 32. f3 Rf5 33. Kd2
b6 34. f4 Ke7 35. g4 Rf6 36. g5 Rf5 37. a4 f6 38. h4 fxg5 39. hxg5 Kf7 40. Ke3
h6 41. gxh6 Kg6 42. c4 Kxh6 43. cxd5 Rf8 44. d6 Kg6 45. d7 Rd8 46. Ke4 Kf6 47.
Rd6+ Ke7 48. Ke5 1-0

[Event "BPB Limburg open B"]
[Site "Maastricht"]
[Date "2014.06.08"]
[Round "4"]
[White "Arns, Danny"]
[Black "Behr, Rene"]
[Result "1-0"]
[WhiteElo "1781"]
[BlackElo "1867"]
[PlyCount "76"]
[EventDate "2014.06.06"]
[EventType "swiss"]
[EventRounds "7"]
[EventCountry "NED"]
[Source "P.Boonen"]
[SourceDate "2014.10.10"]

1. e4 c5 2. d4 cxd4 3. c3 d5 4. Qxd4 dxe4 5. Qxd8+ Kxd8 6. Bc4 Ke8 7. Nd2 Nf6
8. Ne2 Bd7 9. O-O e6 10. a4 Nc6 11. Nb3 Bd6 12. Rd1 Ke7 13. Be3 Ne5 14. Rxd6
Kxd6 15. Bf4 Nd5 16. Rd1 g5 17. Bxd5 exd5 18. c4 gxf4 19. Rxd5+ Ke6 20. Nc5+
Kf6 21. Nxf4 Rhe8 22. Nxd7+ Nxd7 23. Rxd7 b6 24. Nd5+ Kg7 25. Nc7 Rec8 26. Nxa8
Rxa8 27. Kf1 Kf6 28. Ke2 Ke6 29. Rd5 Rg8 30. g3 Rg4 31. h3 Rg7 32. Ke3 f5 33.
Kf4 Rf7 34. Re5+ Kd6 35. Rxf5 Rxf5+ 36. Kxf5 Kc5 37. Kxe4 Kb4 38. Kd4 Kb3 1-0

[Event "BPB Limburg open B"]
[Site "Maastricht"]
[Date "2014.06.08"]
[Round "4"]
[White "Bauchmueller, Franz Josef"]
[Black "Peeters, Joep"]
[Result "0-1"]
[WhiteElo "1789"]
[BlackElo "1786"]
[PlyCount "56"]
[EventDate "2014.06.06"]
[EventType "swiss"]
[EventRounds "7"]
[EventCountry "NED"]
[Source "P.Boonen"]
[SourceDate "2014.10.10"]

1. e4 c5 2. Bc4 e6 3. Nc3 a6 4. a4 Nc6 5. Nf3 d6 6. d3 Nf6 7. Bg5 Be7 8. O-O
O-O 9. Qe2 Qc7 10. Rad1 Nd4 11. Nxd4 cxd4 12. Nb1 Bd7 13. Bb3 Rfc8 14. Nd2 Qc5
15. f4 Bd8 16. e5 Nd5 17. Ne4 Qa5 18. Nxd6 Rc7 19. Bxd8 Rxd8 20. Rf3 Bc6 21.
Rh3 Nxf4 22. Qf2 Nxh3+ 23. gxh3 Qxe5 24. Nc4 Qd5 25. Kf1 Qh5 26. Ke1 b5 27.
axb5 axb5 28. Ne5 Qxe5+ 0-1

[Event "BPB Limburg open B"]
[Site "Maastricht"]
[Date "2014.06.08"]
[Round "4"]
[White "Been, Klaas"]
[Black "Eben, Jonathan"]
[Result "1/2-1/2"]
[WhiteElo "1799"]
[BlackElo "1806"]
[PlyCount "73"]
[EventDate "2014.06.06"]
[EventType "swiss"]
[EventRounds "7"]
[EventCountry "NED"]
[Source "P.Boonen"]
[SourceDate "2014.10.10"]

1. d4 Nf6 2. Nf3 g6 3. e3 Bg7 4. Bd3 d5 5. Nbd2 O-O 6. O-O Nbd7 7. b3 c5 8. Bb2
Re8 9. c4 cxd4 10. exd4 e6 11. Re1 b6 12. Rc1 Ba6 13. Qe2 Rc8 14. Ne5 Nxe5 15.
dxe5 Nh5 16. g3 Bb7 17. Rcd1 Qg5 18. Qe3 Qxe3 19. Rxe3 Bh6 20. f4 Red8 21. Be2
Ng7 22. Rd3 Ba6 23. Ne4 Ne8 24. R3d2 Bf8 25. Kf1 Bb4 26. Bc3 Bxc3 27. Nxc3 Kf8
28. Na4 Bb7 29. Bf3 Ba6 30. Kf2 b5 31. cxb5 Bxb5 32. Nb2 Rc3 33. Be2 Bxe2 34.
Kxe2 Rdc8 35. Na4 R3c6 36. Rd3 Ke7 37. R1d2 1/2-1/2

[Event "BPB Limburg open B"]
[Site "Maastricht"]
[Date "2014.06.08"]
[Round "4"]
[White "Bettman, Jan"]
[Black "De Feijter, Bas"]
[Result "1-0"]
[WhiteElo "1842"]
[BlackElo "1894"]
[PlyCount "49"]
[EventDate "2014.06.06"]
[EventType "swiss"]
[EventRounds "7"]
[EventCountry "NED"]
[Source "P.Boonen"]
[SourceDate "2014.10.10"]

1. e4 c5 2. g3 Nc6 3. Bg2 g6 4. c3 Bg7 5. Nf3 d5 6. exd5 Qxd5 7. d4 cxd4 8. O-O
Qd6 9. Re1 Bg4 10. Bf4 Qd7 11. Qb3 Be6 12. Qa4 Rd8 13. Na3 a6 14. Rad1 Bd5 15.
Nc2 dxc3 16. bxc3 Bxc3 17. Re3 Bg7 18. Rxd5 Qxd5 19. Nfd4 Qc5 20. Bxc6+ Kf8 21.
Bd7 Bxd4 22. Nxd4 b5 23. Rf3 Rxd7 24. Ne6+ fxe6 25. Bh6+ 1-0

[Event "BPB Limburg open B"]
[Site "Maastricht"]
[Date "2014.06.08"]
[Round "4"]
[White "Beukema, Jasper"]
[Black "Uckerman, John"]
[Result "1/2-1/2"]
[WhiteElo "1862"]
[BlackElo "1708"]
[PlyCount "80"]
[EventDate "2014.06.06"]
[EventType "swiss"]
[EventRounds "7"]
[EventCountry "NED"]
[Source "P.Boonen"]
[SourceDate "2014.10.10"]

1. e4 d6 2. d4 Nf6 3. Nc3 e5 4. dxe5 dxe5 5. Qxd8+ Kxd8 6. Bg5 Bd6 7. O-O-O
Nbd7 8. Bc4 Ke8 9. f3 a6 10. Nge2 h6 11. Be3 Ke7 12. Ng3 g6 13. h4 Bc5 14.
Bxc5+ Nxc5 15. Nd5+ Nxd5 16. Rxd5 Nd7 17. h5 c6 18. Rd2 b5 19. Be2 Nc5 20. hxg6
fxg6 21. Rhd1 Be6 22. Rd6 Rac8 23. a3 Nb7 24. R6d2 Rcd8 25. Nf1 Rxd2 26. Rxd2
Rd8 27. Ne3 Nc5 28. g3 h5 29. b4 Rxd2 30. Kxd2 Nb7 31. f4 Nd6 32. Bf3 Nf7 33.
Ke2 Nd6 34. f5 Bf7 35. Kd3 g5 36. c3 Kf6 37. g4 h4 38. Bg2 Ba2 39. Kc2 Bc4 40.
Kd2 Ba2 1/2-1/2

[Event "BPB Limburg open B"]
[Site "Maastricht"]
[Date "2014.06.08"]
[Round "4"]
[White "Bieberle, Gerhart"]
[Black "Van de Griend, Johan"]
[Result "1/2-1/2"]
[WhiteElo "1923"]
[BlackElo "1963"]
[PlyCount "61"]
[EventDate "2014.06.06"]
[EventType "swiss"]
[EventRounds "7"]
[EventCountry "NED"]
[Source "P.Boonen"]
[SourceDate "2014.10.10"]

1. d4 d5 2. g3 Nf6 3. Bg2 e6 4. Nf3 c5 5. c3 Nc6 6. O-O Bd6 7. dxc5 Bxc5 8. b4
Bd6 9. a4 a6 10. Nbd2 O-O 11. Nb3 Qe7 12. Bb2 Bd7 13. Qc2 Rac8 14. Qd2 Ne4 15.
Qd3 Ne5 16. Nxe5 Bxe5 17. Nd4 Nd6 18. f4 Bxd4+ 19. Qxd4 Nc4 20. Bc1 f5 21. Bf3
Bc6 22. h3 Qd7 23. a5 Rce8 24. Be3 e5 25. fxe5 Nxe5 26. Bf2 Nxf3+ 27. exf3 Re2
28. Rfe1 Rfe8 29. Rxe2 Rxe2 30. Re1 Rxe1+ 31. Bxe1 1/2-1/2

[Event "BPB Limburg open B"]
[Site "Maastricht"]
[Date "2014.06.08"]
[Round "4"]
[White "Blijlevens, Pim"]
[Black "Ibrahim, Ashraf"]
[Result "1/2-1/2"]
[WhiteElo "1934"]
[BlackElo "1794"]
[PlyCount "99"]
[EventDate "2014.06.06"]
[EventType "swiss"]
[EventRounds "7"]
[EventCountry "NED"]
[Source "P.Boonen"]
[SourceDate "2014.10.10"]

1. d4 Nf6 2. Bg5 d5 3. Bxf6 exf6 4. e3 c6 5. Bd3 Qb6 6. Qc1 Na6 7. c3 Bd6 8. h3
Be6 9. Nd2 O-O-O 10. c4 dxc4 11. Bxc4 Nc7 12. Ne2 g5 13. a3 f5 14. Nc3 Bxc4 15.
Nxc4 Qb3 16. Ne2 Nd5 17. h4 Rhe8 18. Nxd6+ Rxd6 19. Nc3 f4 20. Nxd5 Qxd5 21.
Qd2 fxe3 22. fxe3 Rxe3+ 23. Qxe3 Re6 24. Kf2 Rxe3 25. Kxe3 Qb3+ 26. Ke4 Qxb2
27. hxg5 Qxg2+ 28. Kd3 Qxg5 29. Rae1 Qa5 30. Ra1 Kd7 31. a4 Qd5 32. Ke3 Qb3+
33. Ke4 Qc2+ 34. Ke3 Kd6 35. Rh6+ Kd5 36. Rh5+ f5 37. Rah1 Qe4+ 38. Kd2 Qxd4+
39. Ke2 Qe4+ 40. Kf2 Kc4 41. Rxh7 c5 42. Rc1+ Kb4 43. Rxb7+ Ka5 44. Rxc5+ Ka6
45. Rbb5 Qxa4 46. Rxf5 Qxb5 47. Rxb5 Kxb5 48. Ke2 Kb4 49. Kd2 Kb3 50. Kc1
1/2-1/2

[Event "BPB Limburg open B"]
[Site "Maastricht"]
[Date "2014.06.08"]
[Round "4"]
[White "Boschmans, Johan"]
[Black "Laan, Yorick"]
[Result "1-0"]
[WhiteElo "1878"]
[BlackElo "1776"]
[PlyCount "81"]
[EventDate "2014.06.06"]
[EventType "swiss"]
[EventRounds "7"]
[EventCountry "NED"]
[Source "P.Boonen"]
[SourceDate "2014.10.10"]

1. d4 Nf6 2. c4 c5 3. Nf3 e6 4. e3 b6 5. Nc3 Be7 6. d5 exd5 7. cxd5 d6 8. e4
O-O 9. Bf4 Nh5 10. Be3 f5 11. e5 f4 12. Bc1 dxe5 13. Nxe5 Rf5 14. Nc4 b5 15. d6
Bf6 16. Nxb5 Qe8+ 17. Be2 Qxb5 18. Ne3 Qb4+ 19. Bd2 Qxb2 20. Rb1 Qe5 21. Nxf5
Bxf5 22. Qb3+ Be6 23. Qf3 Bd5 24. Qxh5 Qe4 25. Rd1 Nc6 26. Qf3 Qe6 27. Qxf4
Bxg2 28. Rg1 Nd4 29. Be3 Nc2+ 30. Kd2 Be4 31. Bd3 Qxa2 32. Qxe4 Nxe3+ 33. Kxe3
Bd4+ 34. Kf3 Rf8+ 35. Kg4 g6 36. Rdf1 Qf7 37. f4 Re8 38. Bc4 Qxc4 39. Qxe8+ Kg7
40. Qe7+ Kh6 41. d7 1-0

[Event "BPB Limburg open B"]
[Site "Maastricht"]
[Date "2014.06.08"]
[Round "4"]
[White "Broekhuis, Jan"]
[Black "Goes, Dirk"]
[Result "1-0"]
[WhiteElo "1842"]
[BlackElo "1946"]
[PlyCount "47"]
[EventDate "2014.06.06"]
[EventType "swiss"]
[EventRounds "7"]
[EventCountry "NED"]
[Source "P.Boonen"]
[SourceDate "2014.10.10"]

1. e4 Nf6 2. e5 Nd5 3. d4 d6 4. exd6 exd6 5. Nf3 Bf5 6. c3 Nd7 7. Be2 c6 8. O-O
Be7 9. c4 Nc7 10. Nc3 Nf6 11. Qb3 Rb8 12. Bf4 Ne6 13. Be3 b6 14. d5 cxd5 15.
cxd5 Nc5 16. Qa3 Ra8 17. b4 Nb7 18. Nd4 Bd7 19. Nc6 Qc8 20. Nxe7 Kxe7 21. Bg5
a5 22. Ne4 Bf5 23. Nxf6 gxf6 24. Qe3+ 1-0

[Event "BPB Limburg open B"]
[Site "Maastricht"]
[Date "2014.06.08"]
[Round "4"]
[White "Broekhuizen, Pieter"]
[Black "Zimmermann, Michael"]
[Result "1-0"]
[WhiteElo "1837"]
[BlackElo "1902"]
[PlyCount "83"]
[EventDate "2014.06.06"]
[EventType "swiss"]
[EventRounds "7"]
[EventCountry "NED"]
[Source "P.Boonen"]
[SourceDate "2014.10.10"]

1. d4 d5 2. Nf3 e6 3. Bf4 Bd6 4. Bg5 Be7 5. h4 f5 6. e3 Nf6 7. Nbd2 c6 8. Ne5
O-O 9. Bxf6 Bxf6 10. Bd3 Bxe5 11. dxe5 Nd7 12. f4 Nc5 13. Qh5 Bd7 14. O-O-O Be8
15. Qe2 h5 16. Nf3 g6 17. Ng5 Bf7 18. e4 Qa5 19. exf5 Nxd3+ 20. Rxd3 exf5 21.
e6 Be8 22. Qe5 Qxa2 23. Ra3 Qc4 24. e7 Rf7 25. Nxf7 Bxf7 26. Rxa7 Rxa7 27. Qb8+
Kg7 28. Qxa7 d4 29. Qxb7 d3 30. c3 Qa4 31. b3 Qe4 32. Kb2 Kf6 33. Ka3 d2 34.
Rd1 Qc2 35. Qxc6+ Kg7 36. Qb7 Kf6 37. Qb8 Kg7 38. Rxd2 Qxd2 39. Qf8+ Kf6 40.
e8=Q Qc1+ 41. Kb4 Qxf4+ 42. c4 1-0

[Event "BPB Limburg open B"]
[Site "Maastricht"]
[Date "2014.06.08"]
[Round "4"]
[White "Cebula, Jerzy"]
[Black "Bhattacharjee, Sourav"]
[Result "0-1"]
[WhiteElo "1998"]
[BlackElo "1934"]
[PlyCount "46"]
[EventDate "2014.06.06"]
[EventType "swiss"]
[EventRounds "7"]
[EventCountry "NED"]
[Source "P.Boonen"]
[SourceDate "2014.10.10"]

1. e4 e5 2. Nf3 Nc6 3. Bb5 a6 4. Ba4 Nf6 5. d4 exd4 6. O-O Bc5 7. e5 Ne4 8. Qe2
d5 9. exd6 f5 10. dxc7 Qxc7 11. Ng5 Qe7 12. Qh5+ g6 13. Qh6 Nxf2 14. Bxc6+ bxc6
15. Kxf2 d3+ 16. Kg3 Qe2 17. Rf3 Bf2+ 18. Kf4 d2 19. Nxd2 Ba7 20. Nxh7 g5+ 21.
Kxg5 Qxg2+ 22. Rg3 Rg8+ 23. Kf4 Qf2+ 0-1

[Event "BPB Limburg open B"]
[Site "Maastricht"]
[Date "2014.06.08"]
[Round "4"]
[White "Coenen, Bert"]
[Black "Verhoef, Ruud"]
[Result "1/2-1/2"]
[WhiteElo "1852"]
[BlackElo "1919"]
[PlyCount "114"]
[EventDate "2014.06.06"]
[EventType "swiss"]
[EventRounds "7"]
[EventCountry "NED"]
[Source "P.Boonen"]
[SourceDate "2014.10.10"]

1. e4 e5 2. Nf3 Nf6 3. d3 d5 4. Nbd2 Nc6 5. c3 Be7 6. Be2 O-O 7. O-O Re8 8. Re1
a5 9. b3 Bc5 10. Bb2 Qe7 11. a3 dxe4 12. dxe4 Ng4 13. Rf1 Be6 14. b4 Bb6 15. b5
Na7 16. h3 Nxf2 17. Rxf2 Bxf2+ 18. Kxf2 Qc5+ 19. Kf1 Nxb5 20. Qc2 f6 21. a4 Nd6
22. Ba3 Qc6 23. c4 Red8 24. c5 b6 25. Rb1 bxc5 26. Bb5 Nxb5 27. axb5 Qd7 28.
Qxc5 Rab8 29. Ke1 Rb6 30. Nc4 Bxc4 31. Qxc4+ Qf7 32. Qc5 Qd7 33. Qc4+ Qf7 34.
Qc5 h6 35. Bc1 Qd7 36. Bd2 Qd3 37. Rc1 Qxe4+ 38. Kf2 Qb7 39. Qe7 Rbd6 40. Rxc7
Rxd2+ 41. Nxd2 Rxd2+ 42. Ke3 Rd3+ 43. Kxd3 Qxb5+ 44. Ke4 Qe2+ 45. Kf5 Qf2+ 46.
Ke6 Qxg2 47. Qe8+ Kh7 48. Kf7 Qg6+ 49. Kf8 Qxe8+ 50. Kxe8 Kg6 51. Kf8 e4 52.
Rxg7+ Kf5 53. Kf7 e3 54. Rg1 Ke4 55. Kxf6 e2 56. Kg6 a4 57. Kxh6 Ke3 1/2-1/2

[Event "BPB Limburg open B"]
[Site "Maastricht"]
[Date "2014.06.08"]
[Round "4"]
[White "Dalemans, Diana"]
[Black "Pijlman, Rene"]
[Result "1-0"]
[WhiteElo "1965"]
[BlackElo "1977"]
[PlyCount "113"]
[EventDate "2014.06.06"]
[EventType "swiss"]
[EventRounds "7"]
[EventCountry "NED"]
[Source "P.Boonen"]
[SourceDate "2014.10.10"]

1. e4 c5 2. Nc3 e6 3. Nf3 a6 4. d4 cxd4 5. Nxd4 b5 6. Bd3 Bb7 7. O-O Bc5 8. Nb3
Be7 9. a3 d6 10. Qg4 Nf6 11. Qh3 Nbd7 12. f4 Qc7 13. Be3 O-O 14. Rad1 Rfe8 15.
Rd2 Bf8 16. Rdf2 Rac8 17. g4 g6 18. g5 Nh5 19. Be2 Ng7 20. Bf3 Nb6 21. Bg2 Nc4
22. Bd4 d5 23. exd5 Nf5 24. Ne4 Bg7 25. Bxg7 Kxg7 26. Nf6 Rh8 27. Nd4 Nce3 28.
Nxf5+ Nxf5 29. dxe6 Bxg2 30. Qxg2 h5 31. Qe4 Rhd8 32. exf7 Kxf7 33. Re1 Qb6 34.
Nd5 Qd6 35. Nf6 Rc4 36. Qe5 Qc6 37. Nxh5 Rd5 38. Qf6+ Qxf6 39. Nxf6 Rdd4 40. b3
Rc8 41. Ng4 Rc3 42. Ne5+ Kg7 43. Nd3 Rd6 44. Rfe2 Rc7 45. b4 Kf7 46. Nc5 Nd4
47. Rf2 Nf5 48. c3 Rc8 49. Rfe2 Rh8 50. Re6 Rd2 51. Rf6+ Kg7 52. Ne6+ Kg8 53.
Rxg6+ Kf7 54. Rf6+ Ke7 55. Nd4+ Kd8 56. Rxf5 Rhxh2 57. Ne2 1-0

[Event "BPB Limburg open B"]
[Site "Maastricht"]
[Date "2014.06.08"]
[Round "4"]
[White "Dirksen, Marieke"]
[Black "Broekmeulen, Joris"]
[Result "1/2-1/2"]
[WhiteElo "2005"]
[BlackElo "2035"]
[PlyCount "22"]
[EventDate "2014.06.06"]
[EventType "swiss"]
[EventRounds "7"]
[EventCountry "NED"]
[Source "P.Boonen"]
[SourceDate "2014.10.10"]

1. e4 d6 2. d4 Nf6 3. Nc3 e5 4. dxe5 dxe5 5. Qxd8+ Kxd8 6. Bg5 Be6 7. O-O-O+
Kc8 8. f3 Bb4 9. Nge2 Nbd7 10. Be3 c6 11. g3 Kc7 1/2-1/2

[Event "BPB Limburg open B"]
[Site "Maastricht"]
[Date "2014.06.08"]
[Round "4"]
[White "Esser, Thomas"]
[Black "De Mey, Juan Pablo"]
[Result "1-0"]
[WhiteElo "1983"]
[BlackElo "1946"]
[PlyCount "103"]
[EventDate "2014.06.06"]
[EventType "swiss"]
[EventRounds "7"]
[EventCountry "NED"]
[Source "P.Boonen"]
[SourceDate "2014.10.10"]

1. d4 d6 2. Nf3 f5 3. g3 e6 4. Bg2 Nf6 5. O-O Be7 6. c4 Ne4 7. Nbd2 O-O 8. Nxe4
fxe4 9. Ne1 d5 10. f3 Nc6 11. fxe4 Rxf1+ 12. Kxf1 dxc4 13. Nf3 g5 14. Be3 g4
15. Ne5 Nxe5 16. dxe5 Qf8+ 17. Kg1 Qg7 18. Qa4 c6 19. Qxc4 h5 20. Bc5 Bg5 21.
Rf1 Bd7 22. Qd3 b6 23. Be3 Bxe3+ 24. Qxe3 Rf8 25. Rxf8+ Kxf8 26. Qf4+ Ke8 27.
h3 c5 28. hxg4 hxg4 29. Kf2 Bc6 30. Ke1 b5 31. e3 c4 32. Bf1 Qg6 33. Be2 Qxe4
34. Qxe4 Bxe4 35. Bxg4 Kd7 36. Kd2 b4 37. Be2 Bd5 38. e4 c3+ 39. bxc3 bxc3+ 40.
Kxc3 Bxe4 41. Kd4 Bc2 42. Kc5 Ke7 43. g4 Ba4 44. a3 Kf7 45. Kd6 Bb3 46. Bd3 a5
47. g5 Kg7 48. Ke7 Bd5 49. Bc2 Bc4 50. a4 Bd5 51. Kd6 Ba2 52. Kc5 1-0

[Event "BPB Limburg open B"]
[Site "Maastricht"]
[Date "2014.06.08"]
[Round "4"]
[White "Glasbeek, Steven"]
[Black "Schubert, Karl"]
[Result "0-1"]
[WhiteElo "1847"]
[BlackElo "1925"]
[PlyCount "46"]
[EventDate "2014.06.06"]
[EventType "swiss"]
[EventRounds "7"]
[EventCountry "NED"]
[Source "P.Boonen"]
[SourceDate "2014.10.10"]

1. c4 d6 2. Nc3 f5 3. g3 Nf6 4. Bg2 c6 5. e3 g6 6. Nge2 Bg7 7. O-O O-O 8. Rb1
Qe8 9. b4 e5 10. d4 g5 11. d5 f4 12. exf4 gxf4 13. dxc6 Nxc6 14. Qxd6 Bf5 15.
Rb2 Rd8 16. Qc5 Nd7 17. Qb5 Nb6 18. Rd2 Rxd2 19. Bxd2 Bd3 20. Bd5+ Kh8 21. f3
Nxd5 22. Qxd5 Qg6 23. Kg2 Rd8 0-1

[Event "BPB Limburg open B"]
[Site "Maastricht"]
[Date "2014.06.08"]
[Round "4"]
[White "Hermes, Geoff R"]
[Black "Gorts, Sven"]
[Result "1-0"]
[WhiteElo "1937"]
[BlackElo "1916"]
[PlyCount "61"]
[EventDate "2014.06.06"]
[EventType "swiss"]
[EventRounds "7"]
[EventCountry "NED"]
[Source "P.Boonen"]
[SourceDate "2014.10.10"]

1. e4 e5 2. Nf3 Nc6 3. d4 exd4 4. Nxd4 Bc5 5. Nxc6 Qf6 6. Qd2 dxc6 7. Bd3 Be6
8. O-O O-O-O 9. Qe2 h5 10. e5 Qe7 11. Nc3 Bg4 12. Qe1 Bd4 13. h3 Bd7 14. Ne2
Bxe5 15. Be3 Kb8 16. f4 Bxb2 17. Bxa7+ Kxa7 18. Rb1 Qc5+ 19. Kh1 Bf6 20. Rb4
Ra8 21. Qb1 b6 22. Rc4 Qd5 23. Rd1 Kb8 24. Rb4 Qa5 25. Be4 Kc8 26. c4 Nh6 27.
c5 bxc5 28. Rb7 Qxa2 29. Rb8+ Rxb8 30. Qxa2 Rd8 31. Qa6+ 1-0

[Event "BPB Limburg open B"]
[Site "Maastricht"]
[Date "2014.06.08"]
[Round "4"]
[White "Holscher, Peter"]
[Black "Cromsight, Jeroen"]
[Result "1-0"]
[WhiteElo "2049"]
[BlackElo "1939"]
[PlyCount "83"]
[EventDate "2014.06.06"]
[EventType "swiss"]
[EventRounds "7"]
[EventCountry "NED"]
[Source "P.Boonen"]
[SourceDate "2014.10.10"]

1. d4 Nf6 2. Nf3 c5 3. d5 b5 4. c4 bxc4 5. Nc3 g6 6. e4 d6 7. Bxc4 Bg7 8. O-O
O-O 9. h3 Ba6 10. Bxa6 Nxa6 11. Qe2 Nc7 12. Be3 e6 13. dxe6 Nxe6 14. Rfd1 Qb6
15. Rab1 a5 16. Nd2 Qb7 17. Qd3 Rfd8 18. Nc4 Nd4 19. Bxd4 cxd4 20. Qxd4 d5 21.
Qb6 Qc8 22. Nxa5 Ra6 23. Qb5 Qa8 24. Nb3 Rb8 25. Qe2 dxe4 26. Nc5 Ra5 27. b4
Ra3 28. Qc4 Qc6 29. b5 Qc7 30. Qb4 Raa8 31. N5a4 e3 32. fxe3 Qe5 33. Qf4 Qxf4
34. exf4 Ne4 35. Rd3 Nxc3 36. Nxc3 Bxc3 37. Rxc3 Rxa2 38. b6 Re2 39. b7 Ree8
40. Rc7 Kg7 41. Rb6 Kf8 42. Rbc6 1-0

[Event "BPB Limburg open B"]
[Site "Maastricht"]
[Date "2014.06.08"]
[Round "4"]
[White "Ismail, Tamer"]
[Black "Drose, Daniela"]
[Result "1-0"]
[WhiteElo "1873"]
[BlackElo "1952"]
[PlyCount "119"]
[EventDate "2014.06.06"]
[EventType "swiss"]
[EventRounds "7"]
[EventCountry "NED"]
[Source "P.Boonen"]
[SourceDate "2014.10.10"]

1. e4 d5 2. d3 e5 3. Nf3 Nc6 4. Nbd2 Nf6 5. Be2 Bd6 6. c3 O-O 7. Qc2 Ne7 8. Nf1
c5 9. Bg5 d4 10. Ng3 Ng6 11. Bd1 Be6 12. h4 Nf4 13. Kf1 Rc8 14. c4 Qd7 15. Ne2
N4h5 16. Qa4 a6 17. Qxd7 Nxd7 18. Nh2 Nf4 19. Bxf4 exf4 20. f3 f5 21. Ng1 b5
22. b3 Nf6 23. Kf2 Nh5 24. Nh3 h6 25. Nf1 Rb8 26. Nd2 Ng3 27. Rh2 Rf7 28. Be2
g6 29. Re1 Nh5 30. Bd1 Be7 31. Ng1 Ng3 32. Ne2 fxe4 33. Nxe4 Nxe4+ 34. fxe4
Rbf8 35. Ng1 g5 36. hxg5 hxg5 37. Rh6 Rf6 38. Rxf6 Rxf6 39. Nf3 Rh6 40. Rg1
bxc4 41. bxc4 Bf7 42. g3 Kf8 43. gxf4 gxf4 44. Rg4 Rf6 45. Ne5 Be6 46. Rg6 Ke8
47. Ba4+ Kd8 48. Nc6+ Ke8 49. Nxd4+ Kf7 50. Be8+ Kxe8 51. Rxf6 Bxf6 52. Nxe6
Be7 53. Nxf4 Kd7 54. Nd5 Bg5 55. Kf3 Kd6 56. Kg4 Bc1 57. Kf5 Bb2 58. Nf6 Bc3
59. e5+ Kc6 60. e6 1-0

[Event "BPB Limburg open B"]
[Site "Maastricht"]
[Date "2014.06.08"]
[Round "4"]
[White "Janse, Alexander"]
[Black "Taverniers, Peter"]
[Result "1-0"]
[WhiteElo "1584"]
[BlackElo "1686"]
[PlyCount "47"]
[EventDate "2014.06.06"]
[EventType "swiss"]
[EventRounds "7"]
[EventCountry "NED"]
[Source "P.Boonen"]
[SourceDate "2014.10.10"]

1. e4 e5 2. Nf3 d6 3. d4 exd4 4. Nxd4 Nf6 5. Nc3 Be7 6. f3 Bd7 7. Be3 Nc6 8.
Qd2 O-O 9. O-O-O Nxd4 10. Bxd4 c5 11. Bxf6 Bxf6 12. Nd5 Bc6 13. Nxf6+ Qxf6 14.
Qxd6 Qxd6 15. Rxd6 Rad8 16. Rxd8 Rxd8 17. Be2 Kf8 18. Rd1 Rxd1+ 19. Kxd1 g5 20.
Kd2 Ke7 21. g3 h6 22. Bc4 Ba4 23. c3 b6 24. Bf1 {.....} 1-0

[Event "BPB Limburg open B"]
[Site "Maastricht"]
[Date "2014.06.08"]
[Round "4"]
[White "Kastelein, Gerard"]
[Black "Rosenbrand, Stefan"]
[Result "0-1"]
[WhiteElo "1802"]
[BlackElo "1706"]
[PlyCount "64"]
[EventDate "2014.06.06"]
[EventType "swiss"]
[EventRounds "7"]
[EventCountry "NED"]
[Source "P.Boonen"]
[SourceDate "2014.10.10"]

1. d4 Nf6 2. Bg5 d5 3. Nf3 Ne4 4. Bf4 c5 5. dxc5 f6 6. Bxb8 Rxb8 7. b4 e5 8. e3
Be6 9. Bb5+ Kf7 10. c3 b6 11. c6 Qc7 12. Qa4 Nd6 13. Na3 Nxb5 14. Nxb5 Qxc6 15.
Qxa7+ Rb7 16. Qa6 Bd7 17. O-O Rb8 18. Rfd1 Qxb5 19. Qa7 Be7 20. c4 Qc6 21. Rxd5
Be6 22. Rxe5 Ra8 23. Rxe6 Qxe6 24. Qc7 Rhc8 25. Qf4 Kg8 26. h4 Bd6 27. Nd4 Bxf4
28. Nxe6 Be5 29. Rd1 Rc6 30. Nd4 Bxd4 31. Rxd4 Rac8 32. c5 bxc5 0-1